[Event "Titled Tuesday intern op 12th Mar Early"]
[Site "Chess.com INT"]
[Date "2024.03.12"]
[Round "4"]
[White "Hoffmann, Asa"]
[Black "Bernabeu Lopez, Carlos Javier"]
[Result "1-0"]
[WhiteElo "2185"]
[BlackElo "2420"]
[PlyCount "59"]
[EventDate "2024.03.12"]
[EventType "swiss (blitz)"]
[EventRounds "11"]
[EventCountry "USA"]
[SourceTitle "CB12_2024"]
[SourceDate "2023.10.01"]
[SourceVersion "1"]
[SourceVersionDate "2023.10.01"]
[SourceQuality "1"]

1. d4 Nf6 2. Bg5 Ne4 3. Bf4 e6 4. Nd2 Bd6 5. Bxd6 Nxd6 6. e4 0-0 7. Ngf3 b6 8. Bd3 Bb7 9. Qe2 f5 10. 0-0-0 fxe4 11. Nxe4 Bxe4 12. Bxe4 Nxe4 13. Qxe4 Qf6 14. Qxa8 Nc6 15. Qb7 Qf4+ 16. Kb1 a5 17. Qa6 Qd6 18. a3 b5 19. Qxb5 Rb8 20. Qc5 Qf4 21. Rd3 a4 22. Re1 Qf6 23. Qg5 Qf8 24. d5 Na5 25. Re4 h6 26. Qf4 Qc5 27. Rxa4 exd5 28. Rb4 Rf8 29. Qd4 Qe7 30. Qxd5+ 1-0

[Event "Huelva 3rd"]
[Site "Huelva"]
[Date "2023.12.30"]
[Round "8"]
[White "Bernabeu Lopez, Carlos Javier"]
[Black "Fecker, Noah"]
[Result "1/2-1/2"]
[WhiteElo "2417"]
[BlackElo "2396"]
[PlyCount "30"]
[EventDate "2023.12.26"]
[EventType "tourn"]
[EventRounds "9"]
[EventCountry "ESP"]
[EventCategory "2"]
[SourceTitle "CB01_2024"]
[SourceDate "2024.01.03"]
[SourceVersion "1"]
[SourceVersionDate "2024.01.03"]
[SourceQuality "1"]

1. d4 Nf6 2. c4 g6 3. Nc3 d5 4. cxd5 Nxd5 5. e4 Nxc3 6. bxc3 Bg7 7. Be3 c5 8. Nf3 Qa5 9. Nd2 0-0 10. Nb3 Qxc3+ 11. Bd2 Qb2 12. Bc1 Qc3+ 13. Bd2 Qb2 14. Bc1 Qc3+ 15. Bd2 Qb2 1/2-1/2

[Event "Huelva 3rd"]
[Site "Huelva"]
[Date "2023.12.28"]
[Round "4"]
[White "Bernabeu Lopez, Carlos Javier"]
[Black "Hernando Rodrigo, Jose Maria"]
[Result "1-0"]
[WhiteElo "2417"]
[BlackElo "2278"]
[PlyCount "48"]
[EventDate "2023.12.26"]
[EventType "tourn"]
[EventRounds "9"]
[EventCountry "ESP"]
[EventCategory "2"]
[SourceTitle "CB01_2024"]
[SourceDate "2024.01.03"]
[SourceVersion "1"]
[SourceVersionDate "2024.01.03"]
[SourceQuality "1"]

1. e4 Nf6 2. e5 Nd5 3. d4 d6 4. Nf3 dxe5 5. Nxe5 c6 6. Be2 g6 7. 0-0 Bg7 8. c4 Nc7 9. Be3 Nd7 10. Nxd7 Bxd7 11. Nc3 0-0 12. Bf3 Be6 13. b3 Qd7 14. h3 Rad8 15. Ne2 f5 16. Qd2 Bf7 17. Qa5 a6 18. Rac1 e5 19. dxe5 Rfe8 20. Qb4 Ne6 21. Bb6 Qd2 22. Qa5 Ng5 23. Bxd8 Nxf3+ 24. gxf3 Qxe2 1-0

[Event "Huelva 3rd"]
[Site "Huelva"]
[Date "2023.12.27"]
[Round "2"]
[White "Bernabeu Lopez, Carlos Javier"]
[Black "Kukelko, Alexey"]
[Result "1-0"]
[WhiteElo "2417"]
[BlackElo "2354"]
[PlyCount "111"]
[EventDate "2023.12.26"]
[EventType "tourn"]
[EventRounds "9"]
[EventCountry "ESP"]
[EventCategory "2"]
[SourceTitle "CB01_2024"]
[SourceDate "2024.01.03"]
[SourceVersion "1"]
[SourceVersionDate "2024.01.03"]
[SourceQuality "1"]

1. e4 c5 2. Nf3 e6 3. d4 cxd4 4. Nxd4 Qb6 5. Be3 Bc5 6. Na3 a6 7. Nc4 Qc7 8. Qg4 Kf8 9. e5 b5 10. Nd6 Bxd6 11. exd6 Qxd6 12. 0-0-0 Nf6 13. Qf3 Nd5 14. Nf5 Qc6 15. Rxd5 exf5 16. Bc5+ Kg8 17. Re5 d5 18. Qxd5 h6 19. Qxc6 Nxc6 20. Re8+ Kh7 21. Rxh8+ Kxh8 22. Be2 Be6 23. Rd1 Rc8 24. a3 Na5 25. Bb6 Nb3+ 26. Kb1 Nc5 27. Rd8+ Rxd8 28. Bxd8 Bd5 29. g3 f4 30. Bb6 fxg3 31. fxg3 Ne4 32. Kc1 Kg8 33. a4 Bc6 34. a5 Bd5 35. b3 Kf8 36. Bd4 Ng5 37. Kd2 Ke7 38. Bxg7 Nf3+ 39. Bxf3 Bxf3 40. Bxh6 Ke6 41. b4 Bg4 42. h4 Kd5 43. Ke3 Bd1 44. c3 Bc2 45. Kf4 Ke6 46. Bg7 f6 47. Bf8 Kd5 48. g4 Ke6 49. Bc5 Kf7 50. g5 Ke6 51. Bd4 fxg5+ 52. Kxg5 Kf7 53. h5 Bd3 54. Kf4 Ke6 55. Ke3 Be4 56. Kxe4 1-0

[Event "Titled Tuesday intern op 25th Jul Late"]
[Site "Chess.com INT"]
[Date "2023.07.25"]
[Round "10"]
[White "Bartel, Mateusz"]
[Black "Bernabeu Lopez, Carlos Javier"]
[Result "0-1"]
[WhiteElo "2614"]
[BlackElo "2418"]
[PlyCount "160"]
[EventDate "2023.07.25"]
[EventType "swiss (blitz)"]
[EventRounds "11"]
[EventCountry "USA"]
[SourceTitle "EXT 2024"]
[Source "ChessBase"]
[SourceDate "2023.10.10"]
[SourceVersion "1"]
[SourceVersionDate "2023.10.10"]
[SourceQuality "1"]

1. Nf3 Nf6 2. b3 g6 3. Bb2 Bg7 4. d4 0-0 5. e3 d5 6. Be2 c6 7. 0-0 Bg4 8. c4 e6 9. Nc3 Nbd7 10. a4 a5 11. Ba3 Re8 12. Rc1 Bf8 13. Bxf8 Nxf8 14. Ne5 Bxe2 15. Qxe2 N8d7 16. f4 Qb6 17. c5 Qc7 18. g4 Kg7 19. Qg2 Rf8 20. Rc2 Ng8 21. e4 dxe4 22. Nxe4 Ngf6 23. Nd6 Ne8 24. Ndc4 Nef6 25. f5 exf5 26. gxf5 Rae8 27. Rcf2 Re7 28. Qg5 h6 29. Qg2 g5 30. h4 Rg8 31. Kh1 Kf8 32. Qh2 Nxe5 33. Nxe5 g4 34. Qf4 Rh8 35. Nxg4 Qxf4 36. Rxf4 Nd5 37. R4f3 Re4 38. Ne5 Rxh4+ 39. Kg2 Rg8+ 40. Kf2 Rxd4 41. Rh1 Re4 42. Nd3 Nf6 43. Rf4 Rg4 44. Rxe4 Rxe4 45. Kf3 Rd4 46. Ke3 Rd5 47. Rf1 h5 48. Rf4 Ke7 49. b4 Nd7 50. bxa5 Nxc5 51. Nxc5 Rxc5 52. Rb4 Rxa5 53. Rxb7+ Kf6 54. Rb6 Rxa4 55. Rxc6+ Kxf5 56. Kf2 Kg4 57. Kg2 h4 58. Rf6 Ra7 59. Kh2 Kg5 60. Rb6 f5 61. Rb8 Ra2+ 62. Kh3 Ra3+ 63. Kh2 Kg4 64. Rg8+ Kf3 65. Rh8 Ra2+ 66. Kh3 Ra1 67. Kh2 Ra4 68. Rf8 f4 69. Kh3 Ra1 70. Kh2 Ke3 71. Re8+ Kf2 72. Rh8 f3 73. Re8 Kf1 74. Rf8 Ra2+ 75. Kh3 f2 76. Kxh4 Kg1 77. Rg8+ Kh1 78. Rf8 Kg2 79. Rg8+ Kf1 80. Kg3 Ke1 0-1

[Event "Titled Tuesday intern op 25th Jul Late"]
[Site "Chess.com INT"]
[Date "2023.07.25"]
[Round "4"]
[White "Bernabeu Lopez, Carlos Javier"]
[Black "Kramnik, Vladimir"]
[Result "0-1"]
[WhiteElo "2418"]
[BlackElo "2753"]
[PlyCount "98"]
[EventDate "2023.07.25"]
[EventType "swiss (blitz)"]
[EventRounds "11"]
[EventCountry "USA"]
[SourceTitle "EXT 2024"]
[Source "ChessBase"]
[SourceDate "2023.10.10"]
[SourceVersion "1"]
[SourceVersionDate "2023.10.10"]
[SourceQuality "1"]

1. e4 c5 2. Nf3 e6 3. g3 Nc6 4. Bg2 Nf6 5. Nc3 Be7 6. 0-0 d6 7. d4 cxd4 8. Nxd4 0-0 9. Nxc6 bxc6 10. Na4 Ba6 11. Re1 d5 12. exd5 cxd5 13. b3 Rc8 14. Be3 Bb5 15. Bxa7 Bxa4 16. bxa4 Bb4 17. Rf1 Qa5 18. Bd4 Bc3 19. Bxf6 Bxf6 20. c3 Rxc3 21. Rb1 Ra3 22. Rb7 Rxa2 23. h4 Qxa4 24. Qxa4 Rxa4 25. Rc1 Ra1 26. Rxa1 Bxa1 27. g4 Rc8 28. Kf1 Kf8 29. Bf3 h6 30. Be2 Bf6 31. h5 Bg5 32. Kg2 Rc2 33. Kf1 Bf4 34. Ra7 Bc7 35. Ra8+ Ke7 36. Ra7 Kf6 37. Bd3 Rxf2+ 38. Kxf2 Bb6+ 39. Kf3 Bxa7 40. Bb5 Bb8 41. Bc6 Ke5 42. Be8 f6 43. Bf7 Bc7 44. Ke3 Bb6+ 45. Kd3 Bf2 46. Bg8 Kd6 47. Bf7 e5 48. Ke2 Bb6 49. Bg6 e4 0-1

[Event "Titled Tuesday intern op 25th Jul Late"]
[Site "Chess.com INT"]
[Date "2023.07.25"]
[Round "3"]
[White "Bernabeu Lopez, Carlos Javier"]
[Black "Vastrukhin, Oleg"]
[Result "1/2-1/2"]
[WhiteElo "2418"]
[BlackElo "2343"]
[PlyCount "105"]
[EventDate "2023.07.25"]
[EventType "swiss (blitz)"]
[EventRounds "11"]
[EventCountry "USA"]
[SourceTitle "EXT 2024"]
[Source "ChessBase"]
[SourceDate "2023.10.10"]
[SourceVersion "1"]
[SourceVersionDate "2023.10.10"]
[SourceQuality "1"]

1. e4 g6 2. d4 Bg7 3. Nc3 c6 4. Be3 d5 5. e5 f6 6. f4 Nh6 7. Nf3 Bg4 8. Be2 0-0 9. 0-0 Nf5 10. Bf2 Bh6 11. g3 Nd7 12. Kg2 fxe5 13. Nxe5 Nxe5 14. fxe5 Bxe2 15. Qxe2 e6 16. g4 Nh4+ 17. Bxh4 Qxh4 18. h3 Rf4 19. Rxf4 Bxf4 20. Qd3 Rf8 21. Rf1 Bh6 22. Rxf8+ Kxf8 23. Nd1 Qe1 24. Qf3+ Kg8 25. Nf2 Bg5 26. Nd3 Qb1 27. Qf2 b6 28. a3 Qd1 29. Nb4 c5 30. dxc5 bxc5 31. Nc6 d4 32. b3 Kg7 33. Nxa7 h5 34. gxh5 Qxh5 35. Nc6 Bh4 36. Qf3 Qg5+ 37. Kh2 Qd2+ 38. Qg2 Qf4+ 39. Kg1 Bg3 40. Qf1 Qe3+ 41. Kg2 Bf4 42. Qf3 Qc1 43. Nd8 Qxc2+ 44. Kg1 Be3+ 45. Kf1 Qb1+ 46. Ke2 Qc2+ 47. Kf1 Qxb3 48. Qf6+ Kh6 49. Qh4+ Kg7 50. Qf6+ Kh7 51. Qe7+ Kh6 52. Qh4+ Kg7 53. Qf6+ 1/2-1/2

[Event "Titled Tuesday intern op 25th Jul Late"]
[Site "Chess.com INT"]
[Date "2023.07.25"]
[Round "5"]
[White "Chor, Kevin"]
[Black "Bernabeu Lopez, Carlos Javier"]
[Result "1-0"]
[WhiteElo "1944"]
[BlackElo "2418"]
[PlyCount "71"]
[EventDate "2023.07.25"]
[EventType "swiss (blitz)"]
[EventRounds "11"]
[EventCountry "USA"]
[SourceTitle "EXT 2024"]
[Source "ChessBase"]
[SourceDate "2023.10.10"]
[SourceVersion "1"]
[SourceVersionDate "2023.10.10"]
[SourceQuality "1"]

1. e4 e5 2. Nf3 Nf6 3. Nxe5 Nxe4 4. d4 d6 5. Nf3 Be7 6. Bd3 Nf6 7. 0-0 0-0 8. h3 Nc6 9. c4 Nb4 10. Be2 Bf5 11. Na3 d5 12. Be3 dxc4 13. Nxc4 Nbd5 14. Bg5 c6 15. Nfe5 Bg6 16. Qb3 Rb8 17. Rfd1 Nd7 18. Bxe7 Qxe7 19. Nxd7 Qxd7 20. Ne5 Qd6 21. Rac1 Nb6 22. a4 Nd7 23. Nc4 Qe7 24. Bf3 Rfe8 25. Ne3 Nf6 26. a5 Be4 27. Bxe4 Qxe4 28. d5 cxd5 29. Nxd5 Nxd5 30. Rxd5 Re7 31. a6 Qf4 32. Rcd1 bxa6 33. Qa3 Rbe8 34. Qxe7 Rxe7 35. Rd8+ Re8 36. Rxe8# 1-0

[Event "Titled Tuesday intern op 20th Jun Late"]
[Site "Chess.com INT"]
[Date "2023.06.20"]
[Round "8"]
[White "Bernabeu Lopez, Carlos Javier"]
[Black "Delorme, Axel"]
[Result "0-1"]
[WhiteElo "2418"]
[BlackElo "2483"]
[PlyCount "126"]
[EventDate "2023.06.20"]
[EventType "swiss (blitz)"]
[EventRounds "11"]
[EventCountry "USA"]
[SourceTitle "EXT 2024"]
[Source "ChessBase"]
[SourceDate "2023.10.10"]
[SourceVersion "1"]
[SourceVersionDate "2023.10.10"]
[SourceQuality "1"]

1. e4 c5 2. Nf3 d6 3. Bb5+ Nd7 4. 0-0 a6 5. Bxd7+ Bxd7 6. d4 cxd4 7. Qxd4 e5 8. Qd3 h6 9. c4 b5 10. Nc3 bxc4 11. Qxc4 Nf6 12. Be3 Be7 13. Rfd1 0-0 14. h3 Qb8 15. Qb3 Qxb3 16. axb3 Rfb8 17. Nd2 Be6 18. Nc4 Bxc4 19. bxc4 Rxb2 20. Nd5 Nxd5 21. cxd5 a5 22. Ra4 Bd8 23. Rda1 h5 24. Rc1 Bb6 25. Bxb6 Rxb6 26. Rca1 Rb5 27. h4 Kf8 28. f3 Ke7 29. Kh2 Kd7 30. Kg3 Kc7 31. Rc1+ Kb7 32. Rc6 Rb6 33. Rc1 Rb4 34. Ra3 a4 35. Rac3 a3 36. Rc7+ Kb6 37. R7c6+ Kb5 38. Rxd6 a2 39. Rd7 a1Q 40. Rb7+ Ka6 41. Rxa1+ Kxb7 42. Rd1 Rb2 43. Rg1 Raa2 44. Kh3 Kc7 45. Kg3 Kd6 46. Kh3 g6 47. Kg3 f5 48. exf5 gxf5 49. Kh3 f4 50. Kh2 Kxd5 51. Kh3 e4 52. fxe4+ Kxe4 53. Re1+ Kf5 54. Re8 Rb3+ 55. Kh2 f3 56. Rf8+ Kg4 57. Rg8+ Kxh4 58. Kh1 Rb1+ 59. Kh2 Rxg2+ 60. Rxg2 fxg2 61. Kxg2 Rb2+ 62. Kh1 Kg3 63. Kg1 Rb1# 0-1

[Event "Titled Tuesday intern op 20th Jun Late"]
[Site "Chess.com INT"]
[Date "2023.06.20"]
[Round "10"]
[White "Bernabeu Lopez, Carlos Javier"]
[Black "Stachanczyk, Jacek"]
[Result "1-0"]
[WhiteElo "2418"]
[BlackElo "2124"]
[PlyCount "73"]
[EventDate "2023.06.20"]
[EventType "swiss (blitz)"]
[EventRounds "11"]
[EventCountry "USA"]
[SourceTitle "EXT 2024"]
[Source "ChessBase"]
[SourceDate "2023.10.10"]
[SourceVersion "1"]
[SourceVersionDate "2023.10.10"]
[SourceQuality "1"]

1. Nf3 c5 2. e4 Nc6 3. Bb5 g6 4. 0-0 Bg7 5. Bxc6 bxc6 6. Re1 Nh6 7. Nc3 f6 8. d4 cxd4 9. Qxd4 Nf7 10. Qd2 0-0 11. b3 d6 12. Bb2 Ne5 13. Nd4 c5 14. Nde2 h5 15. Nd5 Kh7 16. Nef4 a5 17. Nd3 Bh6 18. Qe2 a4 19. Nxe5 fxe5 20. Bc1 Be6 21. Bxh6 Kxh6 22. Qd2+ Kh7 23. Ne3 Qa5 24. Qxa5 Rxa5 25. Rac1 Kg7 26. h4 Rf4 27. f3 Rf8 28. Kf2 axb3 29. axb3 Ra2 30. Ra1 Rfa8 31. Rxa2 Rxa2 32. Rb1 Kf6 33. Ke2 Kf7 34. Kd3 Bd7 35. Nd1 Bb5+ 36. Kd2 Bf1 37. Nc3 1-0

[Event "Titled Tuesday intern op 20th Jun Late"]
[Site "Chess.com INT"]
[Date "2023.06.20"]
[Round "4"]
[White "Bernabeu Lopez, Carlos Javier"]
[Black "Yeritsyan, Hayk"]
[Result "1-0"]
[WhiteElo "2418"]
[BlackElo "2241"]
[PlyCount "109"]
[EventDate "2023.06.20"]
[EventType "swiss (blitz)"]
[EventRounds "11"]
[EventCountry "USA"]
[SourceTitle "EXT 2024"]
[Source "ChessBase"]
[SourceDate "2023.10.10"]
[SourceVersion "1"]
[SourceVersionDate "2023.10.10"]
[SourceQuality "1"]

1. c4 c6 2. d4 d5 3. Nf3 Nf6 4. e3 e6 5. Nbd2 Bd6 6. Bd3 Nbd7 7. 0-0 Qe7 8. e4 dxc4 9. Nxc4 e5 10. Nxd6+ Qxd6 11. Bc2 Qe7 12. Nxe5 Nxe5 13. dxe5 Qxe5 14. f4 Qc5+ 15. Kh1 Ng4 16. Qe2 Be6 17. Bb3 Qh5 18. h3 Bxb3 19. axb3 Nf6 20. Qxh5 Nxh5 21. Re1 a6 22. g4 Nf6 23. g5 Nd7 24. Be3 0-0-0 25. Kg2 Rhe8 26. Kf3 g6 27. Rad1 Nf8 28. f5 Nd7 29. Bd4 Ne5+ 30. Bxe5 Rxe5 31. Rxd8+ Kxd8 32. Kf4 Rb5 33. Re3 Ke7 34. h4 Rb6 35. h5 Rb5 36. hxg6 hxg6 37. f6+ Ke6 38. Rd3 Rb4 39. Rd8 Rxb3 40. Re8+ Kd6 41. Re7 Rxb2 42. Rxf7 a5 43. Rf8 a4 44. Ra8 b5 45. e5+ Ke6 46. Re8+ Kf7 47. Re7+ Kf8 48. e6 Re2 49. Rf7+ Ke8 50. Rg7 Rxe6 51. Rxg6 Kf8 52. Rh6 a3 53. Rh8+ Kf7 54. Kf5 Rd6 55. g6# 1-0

[Event "Titled Tuesday intern op 20th Jun Late"]
[Site "Chess.com INT"]
[Date "2023.06.20"]
[Round "7"]
[White "Sanal, Vahap"]
[Black "Bernabeu Lopez, Carlos Javier"]
[Result "1-0"]
[WhiteElo "2577"]
[BlackElo "2418"]
[PlyCount "115"]
[EventDate "2023.06.20"]
[EventType "swiss (blitz)"]
[EventRounds "11"]
[EventCountry "USA"]
[SourceTitle "EXT 2024"]
[Source "ChessBase"]
[SourceDate "2023.10.10"]
[SourceVersion "1"]
[SourceVersionDate "2023.10.10"]
[SourceQuality "1"]

1. e4 e5 2. Nf3 Nf6 3. Nxe5 Nxe4 4. Qe2 Qe7 5. Qxe4 d6 6. d4 dxe5 7. dxe5 Nc6 8. Nc3 Qxe5 9. Qxe5+ Nxe5 10. Bf4 Bd6 11. Bg3 f6 12. Nb5 Be6 13. Nxd6+ cxd6 14. 0-0-0 0-0-0 15. b3 Kc7 16. Be2 a6 17. Rhe1 Rhe8 18. Bf1 Nc6 19. Kb2 Bf7 20. Rxe8 Bxe8 21. h4 Bh5 22. f3 Ne5 23. Be1 Bf7 24. Ba5+ b6 25. Be1 a5 26. a4 Be6 27. Bb5 Bd7 28. Be2 Bc6 29. Bf2 Bb7 30. Bf1 Ra8 31. Bd4 Ba6 32. c4 Bb7 33. Re1 Re8 34. Kc3 Bc6 35. Bf2 Nf7 36. Rxe8 Bxe8 37. Bd3 h6 38. Bg6 Kc6 39. Bd4 Kc7 40. Kd2 Kc6 41. Ke3 Kc7 42. g4 Kc6 43. f4 Kc7 44. g5 hxg5 45. fxg5 fxg5 46. h5 Kd7 47. Bxb6 Ke6 48. Bxa5 Bc6 49. Bc3 Ne5 50. Bxe5 Kxe5 51. a5 g4 52. b4 g3 53. b5 g2 54. Kf2 Ba8 55. Bf7 Kd4 56. Bd5 Bxd5 57. cxd5 Kc5 58. b6 1-0

[Event "Titled Tuesday intern op 30th May Early"]
[Site "Chess.com INT"]
[Date "2023.05.30"]
[Round "1"]
[White "Bernabeu Lopez, Carlos Javier"]
[Black "Gao, Raymond"]
[Result "1-0"]
[WhiteElo "2420"]
[BlackElo "1988"]
[PlyCount "105"]
[EventDate "2023.05.30"]
[EventType "swiss (blitz)"]
[EventRounds "11"]
[EventCountry "USA"]
[SourceTitle "CBM 214 Extra"]
[Source "ChessBase"]
[SourceDate "2023.07.31"]
[SourceVersion "1"]
[SourceVersionDate "2023.07.31"]
[SourceQuality "1"]

1. c4 e5 2. Nc3 Bb4 3. Nf3 Nc6 4. d3 Nf6 5. Bd2 0-0 6. e3 Re8 7. a3 Bf8 8. Be2 d5 9. cxd5 Nxd5 10. 0-0 Be6 11. Rc1 f6 12. b4 a6 13. Ne4 Qe7 14. Nc5 Bc8 15. Qb3 Qf7 16. d4 Bxc5 17. Rxc5 Be6 18. Bc4 Nce7 19. e4 Nf4 20. Bxf4 Bxc4 21. Qxc4 Qxc4 22. Rxc4 exf4 23. Rxc7 Nc6 24. d5 Nd8 25. Re1 Kf8 26. e5 fxe5 27. Rxe5 Rxe5 28. Nxe5 a5 29. b5 a4 30. Rd7 Ke8 31. Rxg7 Rc8 32. h4 Rc1+ 33. Kh2 Rc3 34. Rg4 Rxa3 35. Rxf4 Rb3 36. Rxa4 Rxb5 37. Rd4 Ne6 38. dxe6 Rxe5 39. Rd7 Rxe6 40. Rxb7 h6 41. g4 Kf8 42. Kg3 Ra6 43. g5 Kg8 44. Kg4 Rc6 45. f4 Ra6 46. f5 Rc6 47. f6 hxg5 48. hxg5 Rc1 49. Kh5 Rc2 50. Kg6 Rc8 51. Rg7+ Kf8 52. Rh7 Rc1 53. Rh8# 1-0

[Event "Titled Tuesday intern op 30th May Late"]
[Site "Chess.com INT"]
[Date "2023.05.30"]
[Round "11"]
[White "Bernabeu Lopez, Carlos Javier"]
[Black "Rastbod, Ali"]
[Result "0-1"]
[WhiteElo "2420"]
[BlackElo "2318"]
[PlyCount "108"]
[EventDate "2023.05.30"]
[EventType "swiss (blitz)"]
[EventRounds "11"]
[EventCountry "USA"]
[SourceTitle "CBM 214 Extra"]
[Source "ChessBase"]
[SourceDate "2023.07.31"]
[SourceVersion "1"]
[SourceVersionDate "2023.07.31"]
[SourceQuality "1"]

1. c4 e5 2. Nc3 Nf6 3. Nf3 e4 4. Ng5 c6 5. Ngxe4 Nxe4 6. Nxe4 d5 7. cxd5 cxd5 8. Ng3 h5 9. e3 h4 10. Ne2 Nc6 11. d4 Bd6 12. f3 Qf6 13. Kf2 g5 14. h3 Be6 15. Nc3 a6 16. Bd3 Bg3+ 17. Kg1 Nxd4 18. Ne2 Nxe2+ 19. Qxe2 0-0 20. Bd2 Qxb2 21. Rd1 Qxa2 22. Be1 Qxe2 23. Bxe2 Be5 24. f4 gxf4 25. exf4 Bxf4 26. Bxh4 Be3+ 27. Bf2 d4 28. Bxe3 dxe3 29. Rd3 Bc4 30. Rxe3 Bxe2 31. Rxe2 Rfe8 32. Ra2 b5 33. Kh2 a5 34. Rb1 b4 35. Rb3 Reb8 36. Ra4 Kf8 37. Kg3 Ke7 38. Kf4 Kd6 39. Ke4 Kc5 40. h4 Kb5 41. Ra1 a4 42. Rbb1 b3 43. h5 Kb4 44. h6 a3 45. Rd1 b2 46. Rd4+ Kb3 47. Rad1 Ka2 48. R4d2 Rh8 49. Rh1 Ra6 50. h7 Rg6 51. Rh3 Rg7 52. Rdd3 b1Q 53. Ke5 Qb5+ 54. Kf6 Qg5# 0-1

[Event "Titled Tuesday intern op 30th May Late"]
[Site "Chess.com INT"]
[Date "2023.05.30"]
[Round "1"]
[White "Bernabeu Lopez, Carlos Javier"]
[Black "Stachanczyk, Jacek"]
[Result "1-0"]
[WhiteElo "2420"]
[BlackElo "2147"]
[PlyCount "65"]
[EventDate "2023.05.30"]
[EventType "swiss (blitz)"]
[EventRounds "11"]
[EventCountry "USA"]
[SourceTitle "CBM 214 Extra"]
[Source "ChessBase"]
[SourceDate "2023.07.31"]
[SourceVersion "1"]
[SourceVersionDate "2023.07.31"]
[SourceQuality "1"]

1. e4 c5 2. Nf3 d6 3. Bb5+ Bd7 4. Bxd7+ Qxd7 5. 0-0 Nf6 6. Nc3 e6 7. e5 dxe5 8. Nxe5 Qc8 9. Qf3 Bd6 10. Nc4 Be7 11. d3 Nc6 12. Be3 0-0 13. a4 Qd7 14. Rfe1 Nd5 15. Bd2 Nd4 16. Qd1 Nxc3 17. bxc3 Nc6 18. Rb1 Bf6 19. Qf3 Rac8 20. a5 Rfd8 21. Rb5 Be7 22. Reb1 Rc7 23. Bf4 e5 24. Nxe5 Nxe5 25. Bxe5 Bd6 26. Bxd6 Qxd6 27. Rxb7 Rxb7 28. Qxb7 Qe6 29. Qxa7 c4 30. Qb6 Qe8 31. d4 h6 32. a6 Qe4 33. Qxd8+ 1-0

[Event "Titled Tuesday intern op 30th May Late"]
[Site "Chess.com INT"]
[Date "2023.05.30"]
[Round "5"]
[White "Henriquez Villagra, Cristobal"]
[Black "Bernabeu Lopez, Carlos Javier"]
[Result "1-0"]
[WhiteElo "2616"]
[BlackElo "2420"]
[PlyCount "101"]
[EventDate "2023.05.30"]
[EventType "swiss (blitz)"]
[EventRounds "11"]
[EventCountry "USA"]
[SourceTitle "CBM 214 Extra"]
[Source "ChessBase"]
[SourceDate "2023.07.31"]
[SourceVersion "1"]
[SourceVersionDate "2023.07.31"]
[SourceQuality "1"]

1. d3 e5 2. Nf3 Nc6 3. e4 Nf6 4. Be2 Be7 5. 0-0 0-0 6. c3 d5 7. Nbd2 h6 8. b4 a6 9. a3 Be6 10. Bb2 Qd7 11. c4 d4 12. b5 axb5 13. cxb5 Na5 14. a4 Bd6 15. Bxd4 exd4 16. e5 Bxe5 17. Nxe5 Qd6 18. f4 Nd5 19. Ne4 Qe7 20. Rf3 Bf5 21. Ng3 Bh7 22. Qc2 Ne3 23. Qb2 Rad8 24. Rc1 f6 25. Qd2 fxe5 26. Qxa5 exf4 27. Rxc7 Qg5 28. h4 Qxh4 29. Nf1 Qg5 30. Nxe3 fxe3 31. Rxb7 Rxf3 32. Bxf3 Bxd3 33. Qc7 e2 34. Qf7+ Kh8 35. Qe7 Qc1+ 36. Kh2 Qf4+ 37. g3 Qf6 38. Qxf6 gxf6 39. Re7 Rc8 40. b6 Rc2 41. Kh3 Bf5+ 42. g4 d3 43. b7 Rb2 44. gxf5 Kg8 45. a5 Kf8 46. Re6 d2 47. Bxe2 Rxb7 48. Rxf6+ Kg7 49. Rg6+ Kf7 50. Rd6 Rb3+ 51. Kg2 1-0

[Event "Titled Tuesday intern op 30th May Late"]
[Site "Chess.com INT"]
[Date "2023.05.30"]
[Round "4"]
[White "Pein, Jonathan"]
[Black "Bernabeu Lopez, Carlos Javier"]
[Result "0-1"]
[WhiteElo "2265"]
[BlackElo "2420"]
[PlyCount "96"]
[EventDate "2023.05.30"]
[EventType "swiss (blitz)"]
[EventRounds "11"]
[EventCountry "USA"]
[SourceTitle "CBM 214 Extra"]
[Source "ChessBase"]
[SourceDate "2023.07.31"]
[SourceVersion "1"]
[SourceVersionDate "2023.07.31"]
[SourceQuality "1"]

1. b3 e5 2. Bb2 Nc6 3. e3 Nf6 4. g3 d5 5. Bg2 Bg4 6. Ne2 Qd7 7. h3 Be6 8. d3 h5 9. a3 a5 10. Nd2 Be7 11. Nf3 Bd6 12. Ng5 Bf5 13. e4 dxe4 14. Nxe4 Nxe4 15. dxe4 Be6 16. Nc3 0-0-0 17. Nd5 Kb8 18. Qd3 Ne7 19. 0-0-0 Nxd5 20. exd5 Bf5 21. Qc3 a4 22. b4 Rhe8 23. Kb1 f6 24. Bc1 g5 25. h4 g4 26. Rhe1 Qh7 27. Be3 Bd7 28. Bf1 Qe7 29. Bd3 Qf7 30. Bc4 Rc8 31. b5 b6 32. Ka2 Kb7 33. Rb1 Ra8 34. Red1 Qe7 35. Bd3 f5 36. Bg5 Qf7 37. Bc4 e4 38. Be3 Qe7 39. Bd4 Be5 40. Ka1 Bxd4 41. Qxd4 Qxa3+ 42. Ba2 Qd6 43. Rb4 e3 44. fxe3 Re4 45. c3 Rxd4 46. exd4 Qxg3 47. c4 Qc3+ 48. Rb2 a3 0-1

[Event "Titled Tuesday intern op 30th May Late"]
[Site "Chess.com INT"]
[Date "2023.05.30"]
[Round "8"]
[White "Toncheva, Nadya"]
[Black "Bernabeu Lopez, Carlos Javier"]
[Result "1/2-1/2"]
[WhiteElo "2295"]
[BlackElo "2420"]
[PlyCount "138"]
[EventDate "2023.05.30"]
[EventType "swiss (blitz)"]
[EventRounds "11"]
[EventCountry "USA"]
[SourceTitle "CBM 214 Extra"]
[Source "ChessBase"]
[SourceDate "2023.07.31"]
[SourceVersion "1"]
[SourceVersionDate "2023.07.31"]
[SourceQuality "1"]

1. d4 Nf6 2. c4 g6 3. Nc3 Bg7 4. e4 d6 5. Be2 0-0 6. Bg5 c5 7. d5 b5 8. cxb5 a6 9. bxa6 Qa5 10. Qd2 Bxa6 11. Bxa6 Qxa6 12. Nge2 Nbd7 13. 0-0 Rfb8 14. Rab1 Ne5 15. b3 Qd3 16. Qxd3 Nxd3 17. Rfd1 Nb4 18. a4 h6 19. Bf4 Nd7 20. Nb5 Ne5 21. Nc1 Rb7 22. h3 g5 23. Be3 Nc2 24. Bd2 Rab8 25. Kf1 Ra8 26. Bc3 c4 27. Bxe5 Bxe5 28. bxc4 Rxa4 29. Nd3 Rxc4 30. Nxe5 dxe5 31. d6 exd6 32. Nxd6 Rxb1 33. Rxb1 Rd4 34. Rb8+ Kh7 35. Nxf7 Rxe4 36. g3 Re1+ 37. Kg2 e4 38. Rb6 e3 39. fxe3 Re2+ 40. Kf3 Rxe3+ 41. Kf2 Re7 42. Nxh6 Nd4 43. Ng4 Re2+ 44. Kf1 Ra2 45. Rb7+ Kg6 46. Rb6+ Kg7 47. h4 gxh4 48. gxh4 Nf5 49. h5 Ng3+ 50. Ke1 Nxh5 51. Ne5 Nf4 52. Rb7+ Kf6 53. Nf3 Nd3+ 54. Kd1 Kf5 55. Nd2 Nf2+ 56. Ke2 Ne4 57. Rd7 Ke6 58. Rd8 Nc3+ 59. Ke3 Nb5 60. Re8+ Kd7 61. Rh8 Nd6 62. Rh7+ Kc6 63. Ne4 Ra3+ 64. Kf4 Ra4 65. Re7 Kd5 66. Re5+ Kc6 67. Re6 Kc7 68. Rxd6 Rxe4+ 69. Kxe4 Kxd6 1/2-1/2